Those dreadful children (Record no. 7744)
[ view plain ]
| 000 -LEADER | |
|---|---|
| fixed length control field | 00268nam a22001097a 4500 |
| 082 ## - DEWEY DECIMAL CLASSIFICATION NUMBER | |
| Classification number | 823 |
| Item number | BLY/T |
| 100 ## - MAIN ENTRY--AUTHOR NAME | |
| Personal name | BLYTON, ENID |
| 245 ## - TITLE STATEMENT | |
| Title | Those dreadful children |
| 246 ## - VARYING FORM OF TITLE | |
| Title proper/short title | Those dreadful children |
| Remainder of title | Those dreadful children |
| 260 ## - PUBLICATION, DISTRIBUTION, ETC. (IMPRINT) | |
| Place of publication | Singapore |
| Name of publisher | Mammoth |
| 942 ## - ADDED ENTRY ELEMENTS (KOHA) | |
| Koha item type | Books |
| Withdrawn status | Lost status | Home library | Current library | Date acquired | Full call number | Accession Number | Koha item type |
|---|---|---|---|---|---|---|---|
| Lost | Main Library | Main Library | 08/03/2002 | 823 BLY/T | 00012 | Books |